000
00436nam a2200145Ia 4500
008
100122s9999 xx 000 0 und d
082
_b
49601
_a
823
100
_a
हरकारे अरुण
245
_a
कुलस्वामिनी
260
_b
रावजी प्रकाशन
_c
1985
300
_a
222
630
_a
कुलस्वामिनी
730
_a
कुलस्वामिनी
942
_c
BOOK
999
_c
427454
_d
427451